<?xml version="1.0" encoding="UTF-8"?>
<collection xmlns="http://www.loc.gov/MARC21/slim">
<record>
  <controlfield tag="001">2881</controlfield>
  <controlfield tag="005">20160701171712.0</controlfield>
  <datafield tag="024" ind1="7" ind2=" ">
    <subfield code="a">10.1063/1.3246549</subfield>
    <subfield code="2">DOI</subfield>
  </datafield>
  <datafield tag="037" ind1=" " ind2=" ">
    <subfield code="a">ASTROimport-1038</subfield>
  </datafield>
  <datafield tag="100" ind1=" " ind2=" ">
    <subfield code="a">De Cat, P.</subfield>
  </datafield>
  <datafield tag="260" ind1=" " ind2=" ">
    <subfield code="c">2009</subfield>
  </datafield>
  <datafield tag="245" ind1=" " ind2=" ">
    <subfield code="a">Is HD 147787 a double-lined binary with two pulsating components? Preliminary results from a spectroscopic multi-site campaign</subfield>
  </datafield>
  <datafield tag="520" ind1=" " ind2=" ">
    <subfield code="a">The double-lined binary HD 147787 has been observed from three southern observatories to gather a time series of high-quality, high-resolution spectroscopic data. We here report upon the first analysis of the 2008 data obtained with the spectrographs HARPS and HERCULES. An eccentric orbit of 39.880(2) days was obtained. For the primary component. we derived a projected rotational velocity νsin i of 7(2) km s-1 and found that the temporal changes of the line profiles are dominated by 0.6897(8) d-1, which is the main frequency known from photometry. There is evidence for multiperiodicity. For the secondary component, we derived a νsin i of 33(2) km s 1, but there is no firm evidence for pulsations. </subfield>
  </datafield>
  <datafield tag="700" ind1=" " ind2=" ">
    <subfield code="a"> Wright, D. J.</subfield>
  </datafield>
  <datafield tag="700" ind1=" " ind2=" ">
    <subfield code="a"> Pollard, K. R.</subfield>
  </datafield>
  <datafield tag="700" ind1=" " ind2=" ">
    <subfield code="a"> Maisonneuve, F.</subfield>
  </datafield>
  <datafield tag="700" ind1=" " ind2=" ">
    <subfield code="a"> Kilmartin, P. M.</subfield>
  </datafield>
  <datafield tag="700" ind1=" " ind2=" ">
    <subfield code="a"> Laney, D.</subfield>
  </datafield>
  <datafield tag="773" ind1=" " ind2=" ">
    <subfield code="p">American Institute of Physics Conference Series</subfield>
    <subfield code="v">1170</subfield>
    <subfield code="y">2009</subfield>
    <subfield code="c">483-485</subfield>
  </datafield>
  <datafield tag="856" ind1="4" ind2="2">
    <subfield code="a">http://esoads.eso.org/abs/2009AIPC.1170..483D</subfield>
  </datafield>
  <datafield tag="905" ind1=" " ind2=" ">
    <subfield code="a">published in</subfield>
  </datafield>
  <datafield tag="980" ind1=" " ind2=" ">
    <subfield code="a">NONREF</subfield>
  </datafield>
</record>
</collection>